000 00774nam a2200313 a 4500
003 AR-BaBNM
005 20251128204411.0
008 082120s2002 ||||||||||||||000 | spa||
040 _cAR-BaBNM
100 1 _aSeferis, Jorge
245 0 0 _aEl zorzal
260 _aBuenos Aires
_bLosada
_c1966
300 _a143 p.
490 0 _aPoetas de ayer y de hoy. Cotidal
500 _aContiene índice general
650 4 _aLITERATURA
650 4 _aCULTURA
650 4 _aHUMANIDADES
650 4 _aPOESIA
650 4 _aARTE
650 4 _aLENGUAS
651 4 _aGrecia
655 _aLITERATURA
700 1 _aCarantonis, Andrés
_eprologuista
700 1 _aGaltier, Lysandro Z.D.
_eprologuista
800 1 _aCanzani, Ariel
_edirector
942 _cBK
998 _cisola
999 _c7320
_d7320